000
00341nam a2200157Ia 4500
008
210210b1960 xxu||||| |||| 00| 0 eng d
041
_a
eng
082
_a
330/278
100
_a
MATHEWS (R C O)
245
_a
Trade cycle
260
_a
Cambridge
_b
-
_c
1960
650
_a
Trade
650
_a
cycle
690
_a
Economics
906
_a
003681
999
_c
120232
_d
120232